书目信息 |
| 题名: |
西方经济学
|
|
| 作者: | 缪代文 主编 | |
| 分册: | ||
| 出版信息: | 北京 中国人民大学出版社 2011.11 |
|
| 页数: | 299页 | |
| 开本: | 26cm | |
| 丛书名: | 21世纪高等继续教育精品教材·经济管理类通用系列 | |
| 单 册: | ||
| 中图分类: | F0-08 | |
| 科图分类: | ||
| 主题词: | 西方经济学--Xi Fang Jing Ji Xue--高等教育--教材 , 高等教育--Gao Deng Jiao Yu , 教材--Jiao Cai | |
| 电子资源: | ||
| ISBN: | 978-7-300-14570-9 | |
| 000 | 01246nam0 22003011 450 | |
| 001 | 350277 | |
| 005 | 20161009083615.68 | |
| 010 | @a978-7-300-14570-9@dCNY33.00 | |
| 100 | @a20120112d2011 em y0chiy50 ea | |
| 101 | 0 | @achi |
| 102 | @aCN@b110000 | |
| 105 | @ay z 000yy | |
| 106 | @ar | |
| 200 | 1 | @a西方经济学@AXi Fang Jing Ji Xue@f缪代文主编 |
| 205 | @a3版 | |
| 210 | @a北京@c中国人民大学出版社@d2011.11 | |
| 215 | @a299页@d26cm | |
| 225 | 2 | @a21世纪高等继续教育精品教材·经济管理类通用系列@A21Shi Ji Gao Deng Ji Xu Jiao Yu Jing Pin Jiao Cai Jing Ji Guan Li Lei Tong Yong Xi Lie |
| 314 | @a缪代文,中国人民大学继续教育学院副院长,经济学教授。 | |
| 330 | @a本书以“市场化资源配置和利用”为核心,根据教学大纲的要求和够用的原则确定结构、内容。宗旨是为学生“供给”市场经济基础知识,帮助学生了解经济现实和宏观政策,为经济类和管理类等专业后续课程打下基础,满足社会经济发展对人才的要求。 | |
| 461 | 0 | @12001 @a21世纪高等继续教育精品教材·经济管理类通用系列 |
| 606 | 0 | @a西方经济学@AXi Fang Jing Ji Xue@x高等教育@j教材 |
| 606 | 0 | @a高等教育@AGao Deng Jiao Yu |
| 606 | 0 | @a教材@AJiao Cai |
| 690 | @aF0-08@v5 | |
| 701 | 0 | @a缪代文@AMiao Dai Wen@f(1961~)@4主编 |
| 801 | 0 | @aCN@bTANGWEI@c20160803 |
| 905 | @b0889220-4@dF0-08@e487=3@f5 | |
| 西方经济学/缪代文主编.-3版.-北京:中国人民大学出版社,2011.11 |
| 299页;26cm.-(21世纪高等继续教育精品教材·经济管理类通用系列) |
| ISBN 978-7-300-14570-9:CNY33.00 |
| 本书以“市场化资源配置和利用”为核心,根据教学大纲的要求和够用的原则确定结构、内容。宗旨是为学生“供给”市场经济基础知识,帮助学生了解经济现实和宏观政策,为经济类和管理类等专业后续课程打下基础,满足社会经济发展对人才的要求。 |
| ● |
| 相关链接 |
|
|
|
|
正题名:西方经济学
索取号:F0-08/487=3
 
预约/预借
| 序号 | 登录号 | 条形码 | 馆藏地/架位号 | 状态 | 备注 |
| 1 | 0889220 | 208892206 | 第一样本阅览室/ [索取号:F0-08/487=3] | 在馆 | |
| 2 | 0889221 | 208892215 | 第一借阅区/ [索取号:F0-08/487=3] | 在馆 | |
| 3 | 0889222 | 208892224 | 第一借阅区/ [索取号:F0-08/487=3] | 在馆 | |
| 4 | 0889223 | 208892233 | 第一借阅区/ [索取号:F0-08/487=3] | 在馆 | |
| 5 | 0889224 | 208892242 | 经管系资料室/ [索取号:F0-08/487=3] | 在馆 |